000 00585nam a2200205Ia 4500
005 20250326140819.0
008 250326s9999 xx 000 0 und d
020 _a81-85402-32-9
037 _aTextbook
040 _aFMSL
_beng
_cFMSL
041 _aeng
_2eng
084 _aX:5.1 N3.1
_qFMSL
100 _aChowdhry N C
_9743119
245 0 _aDankal proposal:Implication for India and third world
_cChowdhry N C; Aggarwak A C
260 _aDelhi
_bDelhi, Shipra
_c1994
300 _a336p
490 _vvol. 1.
942 _cTB
_hX:5.1 N3.1
999 _c1287397
_d1287397